000 00683nam a2200289Ia 4500
005 20260324135543.0
008 008 260324s9999 xx 000 0 eng d
020 _a9780203991909
037 _aEBOOK
040 _aCRL
040 _beng
040 _cCRL
041 _2eng
041 _aeng
084 _qCRL
100 _aJanet Radcliffe Richards
_91201039
245 0 _aHuman Nature After Darwin
245 2 _bA Philosophical Introduction
260 _bTaylor and Francis
260 _c2000
365 _a
365 _b230
856 _uhttp://www.taylorfrancis.com/books/9780203991909
942 _cEBOOK
999 _c1802221
_d1802221